Stati a maggioranza cristiana in America del Sud - Statistics

Statistiche generali
  • Questo quiz è stato fatto 4 volte
  • Il punteggio medio è 11 su 11
Statistiche sulle risposte
Cristiani (in percentuale) Stato % Corretto
86% Argentina
100%
89% Bolivia
100%
90% Brasile
100%
68% Cile
100%
92% Colombia
100%
94% Ecuador
100%
57% Guyana
100%
96% Paraguay
100%
87% Perù
100%
58,1% Uruguay
100%
88% Venezuela
100%
Nessun quiz corrispondente trovato
Distribuzione punteggi
Percentuale di utenti per punteggio
Percentile per numero di risposta
I tuoi punteggi nel tempo
Non hai fatto questo quiz